ပထမအကြိမ်ပြည်သူ့လွှတ်တော်၏ဆောင်ရွက်ချက်များအကျဉ်းချူပ် / (Record no. 27363)
[ view plain ]
| 000 -LEADER | |
|---|---|
| fixed length control field | 00684nam a22001457a 4500 |
| 005 - DATE AND TIME OF LATEST TRANSACTION | |
| control field | 20260123090009.0 |
| 008 - FIXED-LENGTH DATA ELEMENTS--GENERAL INFORMATION | |
| fixed length control field | 230721b ||||| |||| 00| 0 eng d |
| 040 ## - CATALOGING SOURCE | |
| Transcribing agency | SSBUL |
| Modifying agency | SSBUL |
| 082 ## - DEWEY DECIMAL CLASSIFICATION NUMBER | |
| Edition number | 23 |
| Classification number | ၃၂၈.၅၉၁ ပ ၁၆၀၇၁ (S-SAT) |
| 245 ## - TITLE STATEMENT | |
| Title | ပထမအကြိမ်ပြည်သူ့လွှတ်တော်၏ဆောင်ရွက်ချက်များအကျဉ်းချူပ် / |
| 300 ## - PHYSICAL DESCRIPTION | |
| Extent | ၈၁၂ စာမျက်နှာ၊ |
| Dimensions | ၂၁ စင်တီ။ |
| 500 ## - GENERAL NOTE | |
| General note | S-SAT: Dr. Prof Sai Aung Tun |
| 650 ## - SUBJECT ADDED ENTRY--TOPICAL TERM | |
| Topical term or geographic name entry element | မြန်မာနိုင်ငံ ပြည်သူ့လွှတ်တော်။ |
| 9 (RLIN) | 28092 |
| 942 ## - ADDED ENTRY ELEMENTS (KOHA) | |
| Source of classification or shelving scheme | |
| Koha item type | Book (Short term) |
| Withdrawn status | Lost status | Source of classification or shelving scheme | Damaged status | Not for loan | Collection code | Permanent Location | Current Location | Shelving location | Date acquired | Total Checkouts | Full call number | Barcode | Date last seen | Price effective from | Koha item type | Accession |
|---|---|---|---|---|---|---|---|---|---|---|---|---|---|---|---|---|
| Special Collections | Shan State Buddhist University Library | Shan State Buddhist University Library | Special Collection Shelves | 21/07/2023 | ၃၂၈.၅၉၁ ပ ၁၆၀၇၁ (S-SAT) | MB00016071 | 21/07/2023 | 21/07/2023 | Book (Short term) | ၁၆၀၇၁ (S-SAT) |